000 00944nam0a22002531 4500
001 rc\2769617
005 20250806201952.0
035 _a(NLR Aleph) 006896010
090 _a62998
_c62998
100 _a20110915d1941 u y0rusy50 ca
101 0 _arus
102 _aRU
105 _aa z |||||
200 1 _aЛенинградский финансово-экономический институт
_fНКФ - СССР
210 _aЛенинград
_c2-я фабрика детск. книги Детиздата ЦК ВЛКСМ
_d1941
215 _a34, [2] с.
_cил.
_d15 см.
710 0 2 _aЛенинградский финансово-экон. ин-т им. Н. А. Вознесенского
_3RU\NLR\AUTH\8812879
801 0 _aRU
_bNLR
_gpsbo
801 1 _aRU
_bELAR
_2rusmarc
852 _aNLR
_jПр40 Г-2/22
942 _cBOOK
945 _aРоссийская национальная библиотека
980 _aNB
980 _aBV